Представление документа в формате RUSMARC

ПолеНазваниеЗначение
  Тип записи a
  Библиографический уровень m
001 Контрольный номер 1ee334f7b4274a67bd03e3a54ab70bd5
005 Дата корректировки 20140602111246.3
010 Индекс ISBN __
a ISBN 978-5-699-34329-4
101 Язык документа 0_
a Язык текста rus
102 Страна публикации __
a Страна публикации RU
200 Заглавие и сведения об ответственности 1_
a Заглавие Инвестиции
e Сведения, относящиеся к заглавию учеб. пособие
f Первые сведения об ответственности Т. Г. Касьяненко , Г. А. Маховикова
210 Выходные данные 1_
c Издательство ЭКСМО
a Место издания М.
d Дата издания 2009
215 Физическое описание __
a Объем 238, [2] с.
225 Серия 2_
a Серия Учебный курс: кратко и доступно!
610 Ключевые слова 0_
a Ключевые слова инвестиции
610 Ключевые слова 0_
a Ключевые слова инвестирование
610 Ключевые слова 0_
a Ключевые слова инвестиционный процесс
610 Ключевые слова 0_
a Ключевые слова инвестиционные рынки
610 Ключевые слова 0_
a Ключевые слова модели инвестирования
610 Ключевые слова 0_
a Ключевые слова инвестиционные проекты
610 Ключевые слова 0_
a Ключевые слова бизнес-план
610 Ключевые слова 0_
a Ключевые слова денежный поток
610 Ключевые слова 0_
a Ключевые слова источники финансирования
610 Ключевые слова 0_
a Ключевые слова риски
610 Ключевые слова 0_
a Ключевые слова капитальные вложения
610 Ключевые слова 0_
a Ключевые слова цена
610 Ключевые слова 0_
a Ключевые слова доходность
610 Ключевые слова 0_
a Ключевые слова акции
610 Ключевые слова 0_
a Ключевые слова векселя
610 Ключевые слова 0_
a Ключевые слова инвестиционный портфель
610 Ключевые слова 0_
a Ключевые слова ценные бумаги
610 Ключевые слова 0_
a Ключевые слова инновации
610 Ключевые слова 0_
a Ключевые слова учебное пособие
686 Индексы других классификаций __
a Классификационный индекс 65.9(2)-56я73
2 Код системы rubbk
700 Автор _1
a Фамилия Касьяненко
b Имя Т. Г.
g Полное личное имя Татьяна Геннадьевна
701 Альтернативная интеллектуальная ответственность _1
a Фамилия Маховикова
b Имя Г. А.
g Полное личное имя Галина Афанасьевна
801 Источник записи _0
a Страна RU
b Организация РУК
c Дата составления 20111213
g Правила каталогизации PSBO
801 Источник записи _1
a Страна RU
b Организация РУК
c Дата составления 20111213
g Правила каталогизации PSBO
852 Данные о местонахождении __
i Авторский знак К 28
j Шифр хранения ББК 65.9(2)
901 Тип документа __
t Тип документа m
938 Служебная информация __
a Название организации Головной вуз
b Имя БД BOOK
c Название АИБС АИБС ИРБИС
952 Тип литературы __
c Вид литературы учебное пособие